Helping maltreated children : school and community involvement /

Bibliographic Details
Main Author: Halperin, Michael, 1941-
Other Authors: Shuman, Pamela
Format: Book
Language:English
Published: St. Louis : Mosby, 1979.
Subjects:

MARC

Tag First Indicator Second Indicator Subfields
LEADER 00000cam a2200000 i 4500
001 in00000049250
005 20151007065732.0
008 781222s1979 mou b 00110 eng
010 |a  78031527  
020 |a 0801620201 
035 |a (OCoLC)04550003 
035 |9 AAE2572AM 
040 |a DLC  |c DLC  |d IBO  |d TXA  |d UtOrBLW 
043 |a n-us--- 
049 |a TXAM  |c [1191915] 
050 0 0 |a HV741  |b .H28 
060 0 |a WA 320 H195h 1979 
082 0 |a 362.7/1 
100 1 |a Halperin, Michael,  |d 1941- 
245 1 0 |a Helping maltreated children :  |b school and community involvement /  |c Michael Halperin, with assistance from Pamela Shuman. 
264 1 |a St. Louis :  |b Mosby,  |c 1979. 
300 |a x, 198 pages ;  |c 24 cm. 
336 |a text  |b txt  |2 rdacontent 
337 |a unmediated  |b n  |2 rdamedia 
338 |a volume  |b nc  |2 rdacarrier 
500 |a Includes index. 
504 |a Bibliography: pages 174-184. 
650 0 |a Abused children  |x Services for  |z United States. 
650 0 |a Child abuse  |z United States. 
650 0 |a Child abuse  |z United States  |x Prevention. 
650 2 |a Child Abuse. 
650 2 |a Child Welfare  |z U. S. 
650 2 |a School Health Services  |z U. S. 
700 1 |a Shuman, Pamela. 
999 |a MARS 
999 f f |s cacec3fd-e4b3-37ad-9659-f992db9b6a54  |i afec7caa-12a6-3844-a29d-1bd96e35c95c  |t 0 
952 f f |p ric  |a Texas A&M University  |b Rellis Campus  |c Joint Library Facility  |d Remote Storage  |t 0  |e HV741 .H28  |h Library of Congress classification  |i unmediated -- volume  |m A14803016992 
998 f f |a HV741 .H28  |t 0  |l Remote Storage